| 000 | 00662 a2200229 4500 | ||
|---|---|---|---|
| 999 |
_c6315 _d6315 |
||
| 005 | 20230322152757.0 | ||
| 008 | 080827t xxu||||| |||| 00| 0 eng d | ||
| 010 | _aENG-87272 | ||
| 020 | _a9780070634510 | ||
| 020 |
_a0070634513 _c350.00 |
||
| 035 | _aEN-70805 | ||
| 037 | _bDBAD / PUB | ||
| 082 | _a621.4022 | ||
| 100 |
_aHolman, J.P. _929818 |
||
| 245 |
_aHeat transfer in SI units _cby J.P. Holman |
||
| 250 | _a9th ed. | ||
| 260 |
_aNew Delhi _bTata McGraw-Hill Publishing _c2008. |
||
| 270 |
_a7, West Patel Nagar _bNew Delhi _e110 008 |
||
| 300 |
_axxi, 676 p. _c24 cm (pbk) |
||
| 500 | _aIncludes indexes | ||
| 942 |
_adpl _cEN _k536.2 _2ddc _mHol536.2 |
||